Sanat - "Pieni ystävä" - Kuumaa - Statistics

Yleistilastot
  • Tätä visaa on pelattu 58 kertaa
  • Keskiarvotulos 157 / 192
Vastaustilastot
Vastaus % Oikein
ja
100%
Pieni
100%
pieni
100%
ystävä
100%
jo
97%
kii
97%
must
97%
ota
97%
97%
97%
ku
93%
niin
93%
ei
90%
hei
90%
loppuu
90%
mut
90%
nopeasti
90%
on
90%
se
90%
kaikki
87%
katoaa
87%
kesä
87%
kuin
87%
87%
oon
87%
oot
87%
antaa
83%
en
83%
itketä
83%
kaiken
83%
kun
83%
mee
83%
mutta
83%
pakannu
83%
tähtien
83%
turhaan
83%
ilta
80%
jos
80%
mitä
80%
Sano
80%
tänään
80%
tehtäis
80%
viel
80%
vika
80%
älä
77%
hetkeä
77%
hyvästejä
77%
jää
77%
meillä
77%
meit
77%
pari
77%
sua
77%
surra
77%
täs
77%
vaan
77%
ettei
73%
jään
73%
kaipaamaan
73%
kuinka
73%
meet
73%
selkeintä
73%
tuu
73%
vähän
73%
voi
73%
ennen
70%
paikallaan
70%
pysytään
70%
sun
70%
vielä
70%
haalenee
67%
ihan
67%
juna
67%
kovin
67%
lupaan
67%
merkillinen
67%
molempii
67%
muistelee
67%
muut
67%
odottaa
67%
tuun
67%
vaikka
67%
vilkuttaa
67%
kasvettiin
63%
kuviot
63%
mehän
63%
näkemiin
63%
oottamaan
63%
sanotaan
63%
tahtoisi
63%
toi
63%
vaalenee
63%
vahingos
63%
lehdet
60%
vanhana
60%
hiljaa
57%
kuva
57%
mene
57%
pihapuiden
57%
vaimenee
57%
hymnit
13%
Ehtoja vastaavia visoja ei löytynyt
Tulosjakauma
Jokaisen tuloksen saaneiden osuus
Persentiili vastausten määrän mukaan
Tuloshistoriasi
Et ole pelannut tätä visaa